000 00868cam a2200181 4500
001 5898
005 20181127180517.0
008 100514s2010 ii g 000 j eng d
010 _a 2010308159
020 _a978189884611
100 1 _aCoelho, Venita.
245 1 4 _aThe washer of the dead :
_ba collection of ghost stories /
_cVenita Coelho.
260 _aNew Delhi, India :
_bZubaan :
_bPenguin Books India,
_c2010.
300 _avi, 136 p. ;
_c20 cm.
505 0 _aDo you believe in ghosts -- The ghost who fell in love -- The ghost next door -- The wind-haunted village -- The special girl -- Spirits of silence -- Kanikha -- Possession -- Ave maria -- The exorcism -- The washer of the dead -- Jhok -- The naked ghost -- Child crying -- Long distance -- Sealed -- The sleepers.
650 0 _aGhost stories, Indic (English)
655 0 _aGhost stories, Indic (English)
999 _c4982
_d4982